000 00506nam a2200181Ia 4500
003 IN-BaIIA
008 211028s9999 xx 000 0 eng d
020 _a0-08-016747-0
040 _cIIA Library
080 _a531.19
_bPAT
100 _aPathria, R. K
_99893
245 0 _aStatistical mechanics
_cR. K Pathria
260 _aOxford
_bPergamon Press
_c1972
300 _axiii, 527p.
650 _aMechanics
650 _aStatistical mechanics
942 _cBK
999 _c11562
_d11562